Karl Hermann Berendt : colección de manuscritos linguisticos de Centroamérica y mesoamérica /
Resumen: Durante finales del siglo XIX, Karl Hermann Berendt viajó extensamente por el sur de Mesoamérica y preparó copias de numerosos manuscritos en lenguas indígenas de Mesoamérica y Centroamérica. La colección incluye manuscritos originales, transcripciones de manuscritos originales y de monogra...
Guardat en:
| Autor principal: | |
|---|---|
| Format: | Desconegut |
| Idioma: | Spanish |
| Matèries: | |
| Etiquetes: |
Afegir etiqueta
Sense etiquetes, Sigues el primer a etiquetar aquest registre!
|
MARC
| LEADER | 000000000a22000000004500 | ||
|---|---|---|---|
| 001 | 010082 | ||
| 041 | 0 | |a spa | |
| 100 | 1 | |a Weeks, John M. | |
| 245 | 1 | 0 | |a Karl Hermann Berendt : |b colección de manuscritos linguisticos de Centroamérica y mesoamérica / |c John M. Weeks. |
| 520 | |a Resumen: Durante finales del siglo XIX, Karl Hermann Berendt viajó extensamente por el sur de Mesoamérica y preparó copias de numerosos manuscritos en lenguas indígenas de Mesoamérica y Centroamérica. La colección incluye manuscritos originales, transcripciones de manuscritos originales y de monografias publicadas y notas manuscritas inéditas, de Berendt, pertenecientes a la familia de lenguas arawak, chibcha, chocó, huave, maya, misumalpa, oto-mangue, mixe-xoque, subtiapa-tlapaneca y uto-azteca. Esta guía proporciona un inventario detallado de los contenidos de 193 manuscritos de Berendt que se conservan actualmente en la University of Pennsylvania. | ||
| 650 | 4 | |a BERENDT, KARL HERMANN | |
| 650 | 4 | |a MANUSCRITOS LINGUISTICOS | |
| 650 | 4 | |a CENTROAMERICA | |
| 650 | 4 | |a MESOAMERICA | |
| 773 | 0 | |x 0252-9963 |d Guatemala : CIRMA |t Mesoamérica |g volumen 19, número 36 (1998), páginas 619-693 | |
| 942 | |c ARC | ||
| 999 | |c 17136 |d 17136 | ||
